[Event "Lloyds Bank op"]
[Site "London"]
[Date "1983.??.??"]
[Round "?"]
[White "Ribli, Zoltan"]
[Black "Smyslov, Vassily"]
[Result "1/2-1/2"]
[WhiteElo "2595"]
[BlackElo "2595"]

1.d4 d5 2.c4 c6 3.Nc3 Nf6 4.e3 e6 5.Nf3 Nbd7 6.Bd3 dxc4 7.Bxc4 b5 8.Bd3 a6
9.e4 c5 10.d5 Bb7 11.O-O Be7 12.Bf4 Nh5 13.Be3 e5 14.a4 b4 15.Nb1 O-O 16.Nbd2 Re8
17.Re1 Bf8 18.g3 g6 19.Rc1 Nhf6 20.Nb3 Bxd5 21.exd5 e4 22.Bxc5 Nxc5 23.Nxc5 exd3
24.Rxe8 Nxe8 25.Nxd3 Qxd5 26.Qe2 Nf6 27.Nf4 Qb7 28.Rc4 Re8 29.Qd3 a5 30.h3 Bg7
31.Rc5 Ne4 32.Rc2 Nf6 33.Re2 Rxe2 34.Nxe2 Qd7 35.Qb3 Ne4 36.Qc2 Qf5 37.Ned4 Qd5
38.Qc8+ Bf8 39.Kg2 Kg7 40.Qc6 Qxc6 41.Nxc6 Nc5 42.Nxa5 Nxa4  1/2-1/2

[Event "Lugano op"]
[Site "Lugano"]
[Date "1983.??.??"]
[Round "6"]
[White "Franco Ocampo, Zenon"]
[Black "Al Hadarani, Hatim"]
[Result "1-0"]
[WhiteElo "2500"]
[BlackElo "2200"]

1.d4 d5 2.Nf3 Nf6 3.c4 c6 4.Nc3 e6 5.e3 Nbd7 6.Qc2 a6 7.b3 Be7 8.Bb2 O-O
9.Bd3 dxc4 10.bxc4 c5 11.O-O cxd4 12.exd4 b6 13.Rad1 Qc7 14.Ne5 Bb7 15.Qe2 Nxe5
16.dxe5 Nd7 17.f4 Nc5 18.Bc2 g6 19.f5 gxf5 20.Nd5 exd5 21.Bxf5 Bd8 22.Bxh7+ Kxh7
23.Qh5+ Kg8 24.Qg4+ Kh8 25.Rf5 f6 26.exf6 Bxf6 27.Rxf6 Rxf6 28.Bxf6+ Kh7
29.Qh5+ Kg8 30.Qg6+ Kf8 31.Rf1  1-0

[Event "Lvov"]
[Site "Lvov"]
[Date "1983.??.??"]
[Round "?"]
[White "Karsa, Laszlo"]
[Black "Vorotnikov, Vladislav V"]
[Result "1-0"]
[WhiteElo "2460"]
[BlackElo "2470"]

1.Nf3 d5 2.e3 Nf6 3.c4 c6 4.d4 e6 5.Nc3 a6 6.Ne5 c5 7.cxd5 Nxd5 8.Bd3 Nc6
9.Nxc6 bxc6 10.O-O cxd4 11.Nxd5 Qxd5 12.exd4 c5 13.Re1 Qxd4 14.Qf3 Rb8 15.Rd1 Bb7
16.Qe2 Qa4 17.Bc4 Be7 18.Bf4 Rc8 19.Be5 h5 20.Bd6 Rh6 21.b4 Qa5 22.Bxe7 Kxe7
23.Rd3 Rg6 24.g3 Rg4 25.Qe5 Qc7 26.Qxh5 Qc6 27.Bd5 exd5 28.Qxg4 d4 29.Re1+ Kf8
30.f3 Qb5 31.Rd2 Re8 32.Kf2 Rxe1 33.Kxe1 a5 34.Qf4 Kg8 35.Qb8+ Kh7 36.Re2 Qxb4+
37.Kf2 d3 38.Re8 Qd2+ 39.Kg1 Qd1+ 40.Kf2 Qxf3+ 41.Ke1 Qh1+ 42.Kd2 Qxh2+ 43.Kxd3 Qg2
44.Qf4 Bd5 45.Qf5+ g6 46.Qf4 Qh1 47.Qh4+ Qxh4 48.gxh4 f5 49.Rc8 Kh6 50.Ke3 Be4
51.Kf4 Bb1 52.a3 Ba2 53.Rxc5 Kh5 54.Rc8 g5+ 55.hxg5  1-0

[Event "Marshall CC-ch"]
[Site "New York"]
[Date "1983.??.??"]
[Round "6"]
[White "Shapiro, Daniel E"]
[Black "Herbst, J."]
[Result "1/2-1/2"]
[WhiteElo "2335"]
[BlackElo "2055"]

1.d4 Nf6 2.c4 e6 3.Nf3 d5 4.Nc3 c6 5.e3 Nbd7 6.b3 Be7 7.Bd3 O-O 8.O-O a6
9.Bb2 dxc4 10.bxc4 b5 11.e4 bxc4 12.Bxc4 Nb6 13.Bd3 c5 14.dxc5 Bxc5 15.Qc2 Nfd7
16.e5 h6 17.Ne4 Be7 18.Rac1 Nd5 19.a3 Bb7 20.Rfd1 Qb6 21.Qd2 Rfc8 22.Bd4 Qd8
23.Rb1 Bc6 24.Nd6 Rc7 25.Nc4 Bb5 26.Qa2 Nc5 27.Bf1 Na4 28.Qb3 Rd7 29.Ne3 Nxe3
30.Bxe3 Bxf1 31.Kxf1 Nc5 32.Rxd7 Qxd7 33.Qc4  1/2-1/2

[Event "SVK-ch"]
[Site "Nova Bana"]
[Date "1983.??.??"]
[Round "4"]
[White "Husek, Zdenek"]
[Black "Drtina, Milan"]
[Result "0-1"]
[WhiteElo "2200"]
[BlackElo "2275"]

1.d4 d5 2.c4 c6 3.Nf3 Nf6 4.e3 e6 5.Nc3 b6 6.Be2 Be7 7.O-O O-O 8.Qc2 Bb7
9.Rd1 Nbd7 10.e4 dxe4 11.Nxe4 Qc7 12.Bg5 h6 13.Bh4 c5 14.Nc3 cxd4 15.Nb5 Qc8
16.Rxd4 e5 17.Rdd1 Qc6 18.Bf1 a6 19.Nc3 Rfe8 20.a3 Qe6 21.Qe2 Bf8 22.h3 Rac8
23.b4 Nh5 24.Nd5 g5 25.Nh2 Ng7 26.Bg3 Nf5 27.Qg4 Nxg3 28.Qxg3 Bg7 29.h4 gxh4
30.Qxh4 e4 31.Nf4 Qe7 32.Qxe7 Rxe7 33.Ra2 Be5 34.Nd5 Re6 35.Ng4 Kf8 36.g3 Rg6
37.Nge3 Re8 38.Bh3 Nf6 39.Nxb6 Bf4 40.Re2 Nh5 41.Nd7+ Kg8 42.Kh2 Nxg3 43.fxg3 Rxg3
44.Rg1 Rg5+ 45.Kh1 Kg7 46.Nc5 Ba8 47.Rxg5+ hxg5 48.Nxa6 Rd8 49.Nc5 Rd3 50.Bg2 Rxa3
51.Nf1 f5 52.Rc2 Bd6 53.Rc1 Bxc5 54.bxc5 Ra5 55.Ne3 Rxc5 56.Ra1 Bc6 57.Bf1 Kf6
58.Ra6 Ke5 59.Nc2 e3+ 60.Kg1 f4 61.Ra7 Bf3 62.Bd3 Bd1 63.Rg7 Bxc2 64.Rxg5+ Kd4
65.Rxc5 Bxd3 66.Rc8 Bxc4 67.Kg2 Bd5+ 68.Kf1 Ke4 69.Ke1 Kf3 70.Rd8 Ke4 71.Re8+ Kd4
72.Rf8 f3 73.Rf6 Ke5 74.Rf8 Be4 75.Rf7 Bf5 76.Rf8 Kf4 77.Rf7 Kg5 78.Rf8 Bg4
79.Rf7 Kh4 80.Rf8 Kg3 81.Kf1 Bh3+ 82.Ke1 Bg4 83.Kf1 Be6  0-1

[Event "Nordic-tt"]
[Site "Oslo"]
[Date "1983.??.??"]
[Round "?"]
[White "Holm Petersen, Sejer"]
[Black "Sigurjonsson, Gudmundur"]
[Result "1-0"]
[WhiteElo "2375"]
[BlackElo "2460"]

1.d4 Nf6 2.c4 e6 3.Nf3 d5 4.Nc3 c6 5.e3 Nbd7 6.Bd3 dxc4 7.Bxc4 b5 8.Bd3 Bb7
9.O-O b4 10.Ne4 Be7 11.Nxf6+ Nxf6 12.e4 O-O 13.e5 Nd7 14.Qc2 h6 15.Qe2 c5
16.Rd1 Qc7 17.Bf4 Rfd8 18.Rac1 Qc6 19.Bb1 Rac8 20.Ne1 Qb6 21.Qg4 Kf8 22.Bh7 g5
23.h4 Kg7 24.hxg5 Kxh7 25.Qh5 Kg8 26.g6 Bf8 27.gxf7+ Kh7 28.Rd3 Be4 29.Rg3 cxd4
30.Rxc8 Rxc8 31.Nf3 Bf5 32.Bxh6 Bxh6 33.Ng5+ Kg7 34.Nxe6+ Kh7 35.Rg7+  1-0

[Event "EU-chT Plovdiv"]
[Site "Plovdiv"]
[Date "1983.??.??"]
[Round "6"]
[White "Bischoff, Klaus"]
[Black "Pinter, Jozsef"]
[Result "1/2-1/2"]
[WhiteElo "2445"]
[BlackElo "2535"]

1.c4 Nf6 2.Nc3 e6 3.Nf3 d5 4.d4 c6 5.e3 Nbd7 6.Qc2 Bd6 7.Bd2 O-O 8.O-O-O c5
9.cxd5 exd5 10.Be1 c4 11.g4 Nb6 12.h3 Re8 13.Bg2 Bd7 14.Nd2 Bb4 15.Ndb1 h6
16.a3 Ba5 17.Bf3 Rc8 18.Rg1 Nh7 19.Rh1 Nf6 20.Rg1 Bxc3 21.Nxc3 Ne4 22.Bxe4 dxe4
23.d5 Re5 24.Rd4 f5 25.Qe2 fxg4 26.hxg4 Be8 27.f4 exf3 28.Qxf3 Bg6 29.Bg3 Re8
30.e4 Nd7 31.Qe3 Nc5 32.Rgd1 Nd3+ 33.Kd2 Qb6 34.Rxc4 Qxb2+ 35.Kxd3 Rxc4 36.Kxc4 Rc8+
37.Kd4 Qb3 38.Rc1 Qc4+ 39.Ke5 Re8+ 40.Kf4 Rf8+ 41.Ke5 Re8+ 42.Kf4 Rf8+  1/2-1/2

[Event "Rome"]
[Site "Rome"]
[Date "1983.??.??"]
[Round "?"]
[White "Toth, Bela"]
[Black "Velikov, Petar"]
[Result "1/2-1/2"]
[WhiteElo "2375"]
[BlackElo "2475"]

1.d4 d5 2.c4 c6 3.Nc3 Nf6 4.e3 e6 5.Nf3 a6 6.Qc2 Nbd7 7.e4 dxe4 8.Nxe4 Nxe4
9.Qxe4 Bb4+ 10.Bd2 Bxd2+ 11.Nxd2 c5 12.dxc5 Qc7 13.Qd4 e5 14.Qd6 Qxc5 15.Ne4 Qxd6
16.Nxd6+ Ke7 17.Nf5+ Kf8 18.O-O-O g6 19.Nd6 Ke7 20.Be2 Rd8 21.Rd5 f6 22.Rhd1 Nf8
23.b3 Be6 24.R5d2 Rd7 25.Kb2 b6 26.b4 Rc7 27.a3 Rb8 28.Rc1 f5 29.h4 Bd7 30.g4 fxg4
31.Ne4 Be6 32.Nc3 Nd7 33.Nd5+ Bxd5 34.Rxd5 h5 35.Bd3 Rc6 36.Rd1 Rf8 37.Bxg6 Rxf2+
38.Kb3 Rc7 39.Bxh5 Rf4 40.Rc1 g3 41.Rg1 Rxh4 42.Bd1 Rhxc4 43.Rxg3 Ke6 44.Rd2 Nf6
45.Be2 R4c6 46.Re3 a5 47.Bb5 Rc1 48.bxa5 bxa5 49.Ka4 R1c5 50.Bf1 e4 51.Bg2 Ke5
52.Rb2 Rd7 53.Rb5 Rxb5 54.Kxb5 Kd4 55.Re1 Rd5+ 56.Ka4 Rc5 57.Rd1+ Ke3 58.Bf1 Nd5
59.Kb3 Kf2 60.Ba6 Nf4 61.Rd4 Kf3 62.Ka4 e3 63.Bb7+ Kg3 64.Re4 e2 65.Ba6 Nd5
66.Rxe2 Nc3+ 67.Kb3 Nxe2 68.Bxe2 Re5 69.Bd3 Re3 70.Kc4 Kf4 71.Kd4 Rg3 72.a4 Rg5
73.Be4 Rg1 74.Bd5 Ra1 75.Bc6 Rc1 76.Bb5 Kf3 77.Ba6 Kf2 78.Bc4 Ke1 79.Kd3 Rb1
80.Bb5 Rb4 81.Bc6 Kd1 82.Bf3+ Kc1 83.Bc6 Kb2 84.Bb5 Kb3 85.Bc6 Rb6 86.Bb5 Rd6+
87.Ke3 Kb4 88.Ke2 Kc3 89.Ke3 Re6+ 90.Kf2 Kd4 91.Kf3 Re7 92.Kf2 Re3 93.Ba6 Ke4
94.Bb5 Kf4 95.Ba6 Ke4 96.Bb5 Kd4 97.Ba6 Rh3 98.Bb5 Kc3 99.Ke2 Rh7 100.Ke3 Re7+
101.Kf2 Re4 102.Kf3 Kd4 103.Kf2 Re7 104.Kf3 Re3+ 105.Kf2 Ke4 106.Ba6 Rh3
107.Bb5 Rh2+ 108.Ke1 Kd4 109.Kd1 Kc3 110.Ba6 Ra2 111.Bb5 Rd2+ 112.Ke1 Kc2
113.Bc6 Rd6 114.Bb5 Rd4 115.Ke2  1/2-1/2

[Event "Kamen Piskov mem 3"]
[Site "Ruse"]
[Date "1983.??.??"]
[Round "5"]
[White "Grkov, Dimitar"]
[Black "Pantaleev, Dimitar"]
[Result "1-0"]
[WhiteElo "2330"]
[BlackElo "2355"]

1.d4 d5 2.c4 c6 3.Nc3 Nf6 4.Nf3 e6 5.e3 Nbd7 6.Bd3 dxc4 7.Bxc4 b5 8.Bd3 a6
9.e4 c5 10.d5 e5 11.b3 Bd6 12.O-O O-O 13.a4 b4 14.Nb1 a5 15.Nbd2 Nb6 16.Bb2 Qe7
17.Re1 Nh5 18.g3 Bg4 19.Qc2 g6 20.Nh4 Bc8 21.Ng2 Nf6 22.Ne3 Nfd7 23.Bb5 Rb8
24.Rac1 Bb7 25.Ndc4 Ra8 26.Bc6 Rfb8 27.Rf1 Nxc4 28.Nxc4 Bxc6 29.dxc6 Nf6
30.f4 Bc7 31.Bxe5 Bxe5 32.Nxe5 Rd8 33.Rfd1 Rxd1+ 34.Rxd1 Rc8 35.Kf2 Qe6 36.Kf3 Qh3
37.Qc4 Qh5+ 38.Ke3 Qxd1 39.Qxf7+ Kh8 40.Qxf6+ Kg8 41.Qe6+ Kg7 42.Qd7+ Qxd7
43.cxd7 Rd8 44.Kd3 Kf6 45.Kc4 Ke6 46.Kxc5 Ra8 47.Kb6 Kd6 48.d8=Q+  1-0

[Event "Kamen Piskov mem 3"]
[Site "Ruse"]
[Date "1983.??.??"]
[Round "10"]
[White "Cserna, Laszlo"]
[Black "Szilagyi, Peter"]
[Result "1/2-1/2"]
[WhiteElo "2385"]
[BlackElo "2355"]

1.d4 Nf6 2.c4 e6 3.Nc3 d5 4.Nf3 c6 5.e3 Nbd7 6.Bd3 dxc4 7.Bxc4 b5 8.Bd3 Bb7
9.O-O a6 10.e4 c5 11.e5 Ng4 12.Ng5 cxd4 13.Qxg4 Nxe5 14.Qf4 dxc3 15.Qxe5 Qxd3
16.Nxf7 Qg6 17.Ng5 h6 18.Qxe6+ Qxe6 19.Nxe6 Kf7 20.Nxf8 cxb2 21.Bxb2 Rhxf8
22.Rfd1 Rfd8 23.a3 Rac8  1/2-1/2

[Event "Sarajevo"]
[Site "Sarajevo"]
[Date "1983.??.??"]
[Round "?"]
[White "Drasko, Milan"]
[Black "Sveshnikov, Evgeny"]
[Result "1/2-1/2"]
[WhiteElo "2330"]
[BlackElo "2505"]

1.Nf3 d5 2.d4 Nf6 3.c4 e6 4.Nc3 c6 5.e3 Nbd7 6.Qc2 Bd6 7.b3 O-O 8.Bb2 Re8
9.Be2 dxc4 10.bxc4 e5 11.O-O exd4 12.exd4 Nf8 13.Bd3 Bg4 14.Ne5 Bxe5 15.dxe5 N6d7
16.f4 Nc5 17.Be2 Qd4+ 18.Kh1 Bxe2 19.Qxe2 Qd3 20.Rad1 Qxe2 21.Nxe2 Rad8 22.Kg1 Na4
23.Bd4 c5 24.Be3 Nd7 25.Rb1 Ndb6 26.Rfc1 f6 27.Ng3 fxe5 28.f5 e4 29.Rb3 Rd3
30.Kf2 Rxb3 31.axb3 Nb2 32.Ra1 a6 33.Ke2 Nd7 34.Rb1 Nd3 35.Nxe4 Nf4+ 36.Bxf4 Rxe4+
37.Kf3 Rd4 38.Re1 b5 39.Re4 Rd1 40.Re6 Rf1+ 41.Ke4  1/2-1/2

[Event "Silkeborg"]
[Site "Silkeborg"]
[Date "1983.??.??"]
[Round "11"]
[White "Knudsen, Per"]
[Black "Berg, Klaus"]
[Result "1-0"]
[WhiteElo "2295"]
[BlackElo "2400"]

1.Nf3 d5 2.c4 c6 3.d4 Nf6 4.Nc3 e6 5.e3 Nbd7 6.b3 Bb4 7.Bd2 O-O 8.Bd3 Re8
9.Qc2 e5 10.dxe5 Nxe5 11.Nxe5 Rxe5 12.cxd5 Nxd5 13.Bxh7+ Kh8 14.Bd3 Bxc3
15.Bxc3 Nxe3 16.fxe3 Rxe3+ 17.Be2 Bg4 18.O-O Rxe2 19.Qc1 Qb6+ 20.Kh1 Qe3
21.Rxf7 Rg8 22.Rf4 Rd8 23.Rxg4  1-0

[Event "Tbilisi"]
[Site "Tbilisi"]
[Date "1983.??.??"]
[Round "?"]
[White "Foisor, Ovidiu"]
[Black "Mnatsakanian, Eduard A"]
[Result "1/2-1/2"]
[WhiteElo "2460"]
[BlackElo "2435"]

1.Nf3 d5 2.c4 c6 3.e3 Nf6 4.Nc3 e6 5.d4 Nbd7 6.Qc2 Bd6 7.b3 O-O 8.Be2 dxc4
9.bxc4 e5 10.O-O Qe7 11.Bb2 Bc7 12.Bd3 Re8 13.Ne4 Nxe4 14.Bxe4 h6 15.Rfe1 Nf6
16.dxe5 Ng4 17.Bh7+ Kh8 18.Bf5 Nxe5 19.Nxe5 Bxe5 20.Bxe5 Qxe5 21.Bxc8 Raxc8
22.Rad1 Rcd8 23.Qb3 b6 24.h3 Qc5 25.Rd3 Qa5 26.Re2 Kg8 27.Qc2 b5 28.cxb5 Rxd3
29.Qxd3 Rd8 30.Qf5 cxb5 31.Rc2 a6 32.Qf4 Qa3 33.g3 Qd3 34.Qc7 Rd6 35.Qc3 Qd5
36.a3 h5 37.h4 Qd1+ 38.Kg2 Rf6 39.e4 Re6 40.Rd2 Qg4 41.f3 Qg6 42.Rd8+ Kh7
43.Qc8 Qf6 44.Rh8+ Kg6 45.Qg8 Qb2+ 46.Kh3 Qc1 47.Qh7+ Kf6 48.Qf5+ Ke7 49.Rxh5 Qxa3
50.Qf4 Qd3 51.Rg5 Rf6 52.Qe5+ Kd7 53.f4 Qd6 54.Rxg7 Qxe5 55.fxe5 Rb6 56.Rxf7+ Ke8
57.Rf6 Rxf6 58.exf6 Kf7 59.h5 Kxf6 60.Kg4 b4 61.Kf4 b3 62.e5+ Kf7 63.h6 b2
64.e6+ Kxe6 65.h7  1/2-1/2

[Event "Tbilisi"]
[Site "Tbilisi"]
[Date "1983.??.??"]
[Round "?"]
[White "Adamski, Jan"]
[Black "Nogueiras, Jesus"]
[Result "1/2-1/2"]
[WhiteElo "2450"]
[BlackElo "2485"]

1.d4 d5 2.Nf3 Nf6 3.c4 e6 4.Nc3 c6 5.e3 Nbd7 6.Qc2 Bd6 7.b3 O-O 8.Be2 dxc4
9.bxc4 e5 10.O-O Re8 11.Bb2 e4 12.Nd2 Nf8 13.Ndxe4 Nxe4 14.Nxe4 Bf5 15.f3 Qh4
16.g3  1/2-1/2

[Event "Tirnavia-B"]
[Site "Trnava"]
[Date "1983.??.??"]
[Round "8"]
[White "Gonsior, Evzen"]
[Black "Nun, Josef"]
[Result "1/2-1/2"]
[WhiteElo "2330"]
[BlackElo "2380"]

1.d4 d5 2.Nf3 Nf6 3.c4 c6 4.e3 e6 5.Nc3 Bd6 6.Bd3 dxc4 7.Bxc4 Nbd7 8.O-O O-O
9.e4 e5 10.Bg5 exd4 11.Qxd4 Bc5 12.Qd3 Qe7 13.a4 Ne5 14.Nxe5 Qxe5 15.Bh4 Be6
16.Bxf6 Qxf6 17.Bxe6  1/2-1/2

[Event "URS-ch sf"]
[Site "Volgodonsk"]
[Date "1983.??.??"]
[Round "?"]
[White "Karpeshov, Oleg"]
[Black "Sher, Miron N"]
[Result "1-0"]
[WhiteElo "2200"]
[BlackElo "2200"]

1.d4 Nf6 2.Nf3 e6 3.c4 d5 4.Nc3 c6 5.e3 Nbd7 6.Bd3 Bb4 7.a3 Ba5 8.O-O O-O
9.Qc2 Qe7 10.Bd2 dxc4 11.Bxc4 e5 12.Rae1 Bc7 13.dxe5 Nxe5 14.Nxe5 Qxe5 15.f4 Qh5
16.Be2 Qh4 17.Bf3 Rd8 18.Bc1 Be6 19.Nd1 Bg4 20.Bxg4 Nxg4 21.h3 Nf6 22.e4 Nh5
23.e5 Bb6+ 24.Be3 Nxf4 25.Bxb6 axb6 26.Re4 g5 27.Ne3 Qg3 28.Kh1 h5 29.e6 fxe6
30.Rxe6 Nxe6 31.Qg6+ Ng7 32.Nf5  1-0

[Event "Vrsac"]
[Site "Vrsac"]
[Date "1983.??.??"]
[Round "?"]
[White "Agzamov, Georgy"]
[Black "Rajkovic, Dusan"]
[Result "1-0"]
[WhiteElo "2535"]
[BlackElo "2500"]

1.d4 e6 2.c4 Nf6 3.Nf3 d5 4.Nc3 c6 5.e3 Nbd7 6.Bd3 dxc4 7.Bxc4 b5 8.Bd3 a6
9.e4 c5 10.d5 e5 11.b3 Bd6 12.O-O O-O 13.a4 b4 14.Ne2 Nh5 15.Nd2 Nf4 16.Nc4 Nb6
17.Nxf4 Nxc4 18.Ne6 fxe6 19.Bxc4 Qe7 20.dxe6 Bxe6 21.Bg5 Qd7 22.Qd3 Bxc4
23.Qxc4+ Qf7 24.Rac1 Qxc4 25.Rxc4 Rac8 26.Rfc1 Rc7 27.Be3 Rfc8 28.Rd1 Rc6
29.Kf1 Kf7 30.Ke2 Ke6 31.Rd5 Be7 32.Rd1 Bf8 33.Rd2 Be7 34.Rd5 R6c7 35.Rd1 Rc6
36.Rdc1 R6c7 37.R1c2 Bf8 38.Bg5 Be7 39.Bd2 Bd6 40.Be1 Rb8 41.Rc1 Rbc8 42.Bd2 Rb8
43.Bg5 Rbc8 44.Rd1 Bf8 45.Bd2 Be7 46.Rdc1 Bd6 47.g3 g6 48.Be3 Be7 49.R1c2 Bf8
50.Bd2 Bd6 51.Rc1 Rb8 52.Be3 Rbc8 53.Rd1 Rc6 54.Rd5 Be7 55.Kd3 g5 56.Ke2 R6c7
57.Rd1 Rc6 58.Rd2 R6c7 59.Rdc2 Rc6 60.Bd2 Kd7 61.Rc1 R8c7 62.Be1 Rc8 63.Rd1+ Ke6
64.Rd5 R6c7 65.Rd1 Rc6 66.Bd2 R6c7 67.Be3 h5 68.Rd5 Rc6 69.Bd2 h4 70.Be3 R6c7
71.Kf3 Rc6 72.Kg4 R6c7 73.Rd1 Rf8 74.Rd5 Rfc8 75.Rd2 Rf8 76.Rdc2 Rfc8 77.a5 Rb8
78.Bxc5 Rbc8 79.Bxe7 Rxc4 80.bxc4 Kxe7 81.c5 Kd7 82.Kf5 Kc6 83.Kxe5 hxg3
84.hxg3 g4 85.Kd4 Kb5 86.c6 Rd8+ 87.Ke5 Kxa5 88.c7 Rc8 89.Kd6 b3 90.Re2 Kb4
91.Kd7  1-0

[Event "Yerevan op"]
[Site "Yerevan"]
[Date "1983.??.??"]
[Round "7"]
[White "Yuneev, Alexey"]
[Black "Semakin, Anatolij"]
[Result "1-0"]
[WhiteElo "2345"]
[BlackElo "2200"]

1.d4 d5 2.c4 e6 3.Nf3 Nf6 4.Nc3 c6 5.e3 Nbd7 6.Bd3 dxc4 7.Bxc4 b5 8.Be2 Bb7
9.e4 b4 10.e5 bxc3 11.exf6 cxb2 12.fxg7 Bxg7 13.Bxb2 Qa5+ 14.Nd2 c5 15.O-O cxd4
16.Nc4 Qd5 17.Bf3 Qxc4 18.Bxb7 Rb8 19.Ba3 Qc7 20.Be4 Be5 21.Qa4 Bxh2+ 22.Kh1 Bf4
23.Bc6 Rg8 24.Rfd1 Be5 25.Rab1 Rb6 26.Rxb6 axb6 27.Rc1 Bf6 28.Qa8+ Bd8 29.Bb5  1-0

[Event "Albena"]
[Site "Albena"]
[Date "1984.??.??"]
[Round "?"]
[White "Farago, Ivan"]
[Black "Kirov, Nino"]
[Result "1-0"]
[WhiteElo "2520"]
[BlackElo "2430"]

1.d4 d5 2.c4 c6 3.Nc3 Nf6 4.e3 e6 5.Nf3 Nbd7 6.Bd3 dxc4 7.Bxc4 b5 8.Bd3 a6
9.e4 c5 10.d5 c4 11.dxe6 cxd3 12.exd7+ Qxd7 13.Bg5 Bb7 14.O-O Bb4 15.Qb3 Bxc3
16.Qxc3 Rc8 17.Qe5+ Qe6 18.Bxf6 gxf6 19.Qg3 Kf8 20.Rfe1 Rg8 21.Nd4 Qg4 22.Qxg4 Rxg4
23.f3 Rd8 24.fxg4 Rxd4 25.Kf2 Rc4 26.b3 Rc2+ 27.Ke3 Rxg2 28.Kxd3 Rxg4 29.Rac1  1-0

[Event "URS-ch sf"]
[Site "Barnaul"]
[Date "1984.??.??"]
[Round "?"]
[White "Ilinsky, Vladimir"]
[Black "Piesina, Gintautas"]
[Result "1-0"]
[WhiteElo "2200"]
[BlackElo "2355"]

1.Nf3 d5 2.d4 Nf6 3.c4 e6 4.Nc3 c6 5.e3 Nbd7 6.Ne5 Be7 7.f4 O-O 8.Bd3 dxc4
9.Bxc4 c5 10.O-O Nb6 11.Bb3 Bd7 12.dxc5 Bxc5 13.Qf3 Rb8 14.Kh1 Qe7 15.Nxd7 Qxd7
16.h3 Rfd8 17.f5 e5 18.g4 h6 19.h4 Nh7 20.f6 Nxf6 21.g5 e4 22.Qf5 hxg5 23.hxg5 Nfd5
24.Nxe4 Bf8 25.g6 fxg6 26.Qxg6 Qh3+ 27.Kg1 Rbc8 28.Rf2 Rc6 29.Nf6+ Rxf6 30.Rxf6 Kh8
31.Rf5 Ne7 32.Rh5+  1-0

[Event "URS-ch sf"]
[Site "Barnaul"]
[Date "1984.??.??"]
[Round "?"]
[White "Dzuban, Oleg I"]
[Black "Smagin, Sergey"]
[Result "0-1"]
[WhiteElo "2415"]
[BlackElo "2355"]

1.d4 d5 2.Nf3 Nf6 3.c4 c6 4.Nc3 e6 5.e3 Nbd7 6.Qc2 Bd6 7.cxd5 exd5 8.Nh4 g6
9.g3 O-O 10.Bg2 Re8 11.O-O Bf8 12.Bd2 Nb6 13.Rad1 Nc4 14.Bc1 Nd6 15.Rfe1 Bg7
16.Na4 Nfe4 17.f3 Nxg3 18.hxg3 g5 19.e4 dxe4 20.fxe4 gxh4 21.e5 hxg3 22.Rf1 Qh4
23.Bh1 Bf5 24.Qe2 Bg4 25.Bf3 Bh3 26.Bg2 Be6  0-1

[Event "Belgrade"]
[Site "Belgrade"]
[Date "1984.??.??"]
[Round "?"]
[White "Cvetkovic, Srdjan"]
[Black "Lukacs, Peter"]
[Result "1/2-1/2"]
[WhiteElo "2420"]
[BlackElo "2470"]

1.c4 e6 2.Nc3 d5 3.d4 c6 4.e3 Nf6 5.Nf3 Nbd7 6.Qc2 Bd6 7.Bd2 O-O 8.h3 c5
9.cxd5 exd5 10.Be2 b6 11.dxc5  1/2-1/2

[Event "Berlin op"]
[Site "Berlin-West"]
[Date "1984.??.??"]
[Round "8"]
[White "Groszpeter, Attila"]
[Black "Braga, Fernando"]
[Result "1/2-1/2"]
[WhiteElo "2480"]
[BlackElo "2395"]

1.d4 d5 2.c4 c6 3.Nc3 Nf6 4.e3 e6 5.Nf3 Nbd7 6.Qc2 Bd6 7.b3 O-O 8.Be2 e5
9.cxd5 cxd5 10.Nb5 Bb4+ 11.Bd2 Bxd2+ 12.Nxd2 a6 13.dxe5 Nxe5 14.Nd4 Qd6 15.O-O Bg4
16.Bxg4 Nexg4 17.N4f3 Rac8 18.Qd3 Ne5 19.Nxe5 Qxe5 20.Nf3 Qe4 21.Qd4 Rc2
22.Qb6 Qe7 23.Nd4 Rc7 24.b4 Rfc8 25.b5 Qb4 26.a3 Qb2 27.Qa5 Qxa1 28.Rxa1 Rc1+
29.Qe1 Rxe1+ 30.Rxe1 Rc3 31.bxa6 bxa6 32.Ra1 Ne4 33.Kf1 Nd2+ 34.Ke1 Nc4 35.a4 g6
36.Ke2  1/2-1/2

[Event "Copenhagen AS04& BSF"]
[Site "Copenhagen"]
[Date "1984.??.??"]
[Round "2"]
[White "Lengyel, Levente"]
[Black "Hansen, Curt"]
[Result "1/2-1/2"]
[WhiteElo "2400"]
[BlackElo "2505"]

1.d4 d5 2.c4 e6 3.Nc3 c6 4.e3 Nf6 5.Nf3 a6 6.b3 Bb4 7.Bd2 Nbd7 8.Bd3 Qe7
9.cxd5 exd5 10.Qc2 O-O 11.O-O Re8 12.Rfe1 Qf8 13.Ne2 Bd6 14.Ng3 c5 15.Bc3 b6
16.Ng5 g6 17.e4 Bb7 18.dxc5 Bxc5 19.exd5 Bb4 20.Qb2 Bxc3 21.Qxc3 Qc5 22.Qxc5 Nxc5
23.Bf1 h6 24.Nf3 Nxd5 25.Nd2 Nb4 26.a3 Nc2 27.Rxe8+ Rxe8 28.Ra2 Nd4 29.Nc4 Re6
30.b4 Ncb3 31.Ne2 Bd5 32.Nxd4 Nxd4 33.Rd2 Bxc4 34.Rxd4 Bxf1 35.Kxf1  1/2-1/2

[Event "Politiken Cup"]
[Site "Copenhagen"]
[Date "1984.??.??"]
[Round "2"]
[White "King, Daniel J"]
[Black "Brondum, Eric"]
[Result "1-0"]
[WhiteElo "2435"]
[BlackElo "2260"]

1.Nf3 Nf6 2.c4 e6 3.Nc3 d5 4.d4 c6 5.e3 Bd6 6.Bd3 Nbd7 7.e4 dxe4 8.Nxe4 Nxe4
9.Bxe4 e5 10.O-O exd4 11.Qxd4 Qf6 12.Bg5 Qxd4 13.Nxd4 Be5 14.Rad1 O-O 15.Nxc6 bxc6
16.Bxc6 Nb6 17.Bxa8 Nxa8 18.Be7 Re8 19.Rfe1 f6 20.Bd6 Kf7 21.Bxe5 fxe5 22.f3 Nb6
23.b3 Re7 24.Re3 g5 25.Rd6 Rd7 26.Rxd7+ Nxd7 27.Kf2 Ke6 28.b4 Nb6 29.Rc3 a6
30.Ke3 Bd7 31.Kd3 h5 32.Ra3 Na4 33.Kc2 Kd6 34.Kb3  1-0

[Event "Czestochowa"]
[Site "Czestochowa"]
[Date "1984.??.??"]
[Round "?"]
[White "Kojder, Konrad"]
[Black "Sekulic, Dusan"]
[Result "1/2-1/2"]
[WhiteElo "2380"]
[BlackElo "2315"]

1.d4 Nf6 2.c4 e6 3.Nc3 d5 4.Nf3 c6 5.e3 Nbd7 6.Qc2 Bd6 7.b3 O-O 8.Be2 dxc4
9.bxc4 e5 10.O-O Re8 11.Bb2 Qa5 12.Rfe1 exd4 13.exd4 Nf8 14.Bd3 Rxe1+ 15.Rxe1 Bg4
16.Ne5 Re8 17.f4 Bc8 18.Rf1 Qd8 19.h3 Bc7 20.Ne2  1/2-1/2

[Event "FIN-ch"]
[Site "Espoo"]
[Date "1984.??.??"]
[Round "?"]
[White "Havansi, Erkki ET"]
[Black "Valkesalmi, Kimmo"]
[Result "1/2-1/2"]
[WhiteElo "2265"]
[BlackElo "2290"]

1.d4 d5 2.Nf3 c6 3.e3 Nf6 4.c4 e6 5.Nc3 Nbd7 6.Bd3 dxc4 7.Bxc4 b5 8.Be2 a6
9.O-O Bb7 10.b3 Be7 11.Bb2 c5 12.dxc5 Bxc5 13.Nd4 O-O 14.Bf3  1/2-1/2

[Event "Troll Masters"]
[Site "Gausdal"]
[Date "1984.??.??"]
[Round "3"]
[White "Hartman, Christer"]
[Black "Valkesalmi, Kimmo"]
[Result "0-1"]
[WhiteElo "2210"]
[BlackElo "2290"]

1.d4 d5 2.c4 c6 3.Nf3 Nf6 4.e3 e6 5.Nc3 Nbd7 6.Bd3 dxc4 7.Bxc4 b5 8.Bd3 a6
9.e4 c5 10.e5 cxd4 11.Nxb5 axb5 12.exf6 Qb6 13.fxg7 Bxg7 14.O-O Bb7 15.Re1 O-O
16.Bf4 Bd5 17.Ne5 Nxe5 18.Bxe5 Bxe5 19.Rxe5 f5 20.Qf1 Qd6 21.f4 Rfc8 22.a3 b4
23.a4 Ra7 24.a5 Rg7 25.Re2 Kh8 26.Rd1 b3 27.Rf2 Rcg8 28.Rdd2 Qb4 29.a6 Bxg2
30.Rxg2 Qxd2 31.Rxg7 Rxg7+ 32.Kh1 Qxb2 33.Bc4 Qc2  0-1

[Event "BL2-N"]
[Site "Germany"]
[Date "1984.??.??"]
[Round "?"]
[White "Cording, Harm"]
[Black "Riedel, Wolfgang"]
[Result "1/2-1/2"]
[WhiteElo "2285"]
[BlackElo "2310"]

1.d4 d5 2.c4 c6 3.Nf3 Nf6 4.Nc3 e6 5.e3 Nbd7 6.Qc2 Bd6 7.Bd2 O-O 8.cxd5 exd5
9.Bd3 Re8 10.O-O-O Qe7 11.h4 Ne4 12.Bxe4 dxe4 13.Ng5 Nf6 14.f3 exf3 15.gxf3 h6
16.Rdg1 Kf8 17.Nh7+ Kg8 18.Nxf6+ Qxf6 19.Ne4 Qe7 20.Nxd6 Qxd6 21.e4 Kh8 22.Kb1 b5
23.Be3 Bd7 24.Qd2 Rg8 25.Bf4 Qe6 26.Rg3 Kh7 27.Rhg1 h5 28.Be5 f6 29.Bf4 g6
30.Qc2 Be8 31.Qc5 Bf7 32.b3 a5 33.Qd6 a4 34.Qxe6 Bxe6 35.Kb2 axb3 36.axb3 Bf7
37.Rc1 Ra6 38.Rgg1 Rga8 39.Kc3 Ra3 40.Rb1 Ra2 41.Kb4 Rf2 42.Rgf1 Raa2 43.Rbc1 Rxf1
44.Rxf1 Rb2 45.d5 cxd5 46.exd5 Bxd5 47.Kxb5 Rxb3+ 48.Kc5 Rxf3 49.Rxf3 Bxf3
50.Kd6 Kg7 51.Ke7 Be4 52.Be3 g5 53.hxg5 fxg5 54.Bxg5  1/2-1/2

[Event "Bundesliga 8384"]
[Site "Germany"]
[Date "1984.??.??"]
[Round "?"]
[White "Marian, R."]
[Black "Hoffmann, Hans"]
[Result "1-0"]
[WhiteElo "2360"]
[BlackElo "2210"]

1.d4 d5 2.Nf3 Nf6 3.c4 c6 4.e3 e6 5.Nc3 Nbd7 6.Bd3 dxc4 7.Bxc4 b5 8.Bd3 Bb7
9.e4 b4 10.Na4 c5 11.e5 Nd5 12.Nxc5 Bxc5 13.dxc5 Nxc5 14.Bb5+ Ke7 15.Qd4 Qb6
16.Qh4+ Kf8 17.Bc4 Ne7 18.Be3 Nf5 19.Qf4 Rd8 20.O-O h6 21.Rad1 Ke7 22.Nd4 Nxe3
23.fxe3 Rdf8 24.Qh4+ g5 25.Qe1 Nd7 26.Bb5 Nc5 27.Qxb4 a6 28.Nf5+ exf5 29.Rd7+ Ke6
30.Qc4+ Kxe5 31.Qd4+  1-0

[Event "Bundesliga 8384"]
[Site "Germany"]
[Date "1984.??.??"]
[Round "?"]
[White "Marian, R."]
[Black "Cordes, Hans Joerg"]
[Result "1/2-1/2"]
[WhiteElo "2310"]
[BlackElo "2300"]

1.d4 d5 2.Nf3 Nf6 3.c4 e6 4.Nc3 c6 5.e3 Nbd7 6.Bd3 dxc4 7.Bxc4 b5 8.Bd3 Bb7
9.e4 b4 10.Na4 c5 11.e5 Nd5 12.O-O cxd4 13.Re1 Be7 14.Nxd4 O-O 15.Qg4 Re8
16.Bh6 Bf8 17.Bg5 Be7 18.Bh6 Bf8 19.Bg5 Be7 20.Bh6  1/2-1/2